|
|
|
|
| LEADER |
02606nam a22003613i 4500 |
| 001 |
EBC7014869 |
| 003 |
MiAaPQ |
| 005 |
20231204023225.0 |
| 006 |
m o d | |
| 007 |
cr cnu|||||||| |
| 008 |
231204s2019 xx o ||||0 eng d |
| 020 |
|
|
|a 9783110623758
|q (electronic bk.)
|
| 035 |
|
|
|a (MiAaPQ)EBC7014869
|
| 035 |
|
|
|a (Au-PeEL)EBL7014869
|
| 035 |
|
|
|a (OCoLC)1330935211
|
| 040 |
|
|
|a MiAaPQ
|b eng
|e rda
|e pn
|c MiAaPQ
|d MiAaPQ
|
| 100 |
1 |
|
|a Abeliovich, Ruthie.
|
| 245 |
1 |
0 |
|a Borderlines :
|b Essays on Mapping and the Logic of Place.
|
| 250 |
|
|
|a 1st ed.
|
| 264 |
|
1 |
|a Warschau/Berlin :
|b Walter de Gruyter GmbH,
|c 2019.
|
| 264 |
|
4 |
|c Ã2019.
|
| 300 |
|
|
|a 1 online resource (237 pages)
|
| 336 |
|
|
|a text
|b txt
|2 rdacontent
|
| 337 |
|
|
|a computer
|b c
|2 rdamedia
|
| 338 |
|
|
|a online resource
|b cr
|2 rdacarrier
|
| 505 |
0 |
|
|a Intro -- Contents -- Part 1: Introduction -- On The Borderlines: Introductory Annotations -- On The Border: Barriers, Passages, Journeys -- Part 2: Journeys -- The New Jerusalem Light Rail Train as a Performance Space -- "Map Song": Poetic Intersections Between Sound, Maps, and Performance -- Crossing Literary Borderlines in "A Simple Heart" by Gustav Flaubert -- Tightrope Walking on the Threshold of Virtual Reality: Phil Solomon's Filmmaking in Grand Theft Auto -- Part 3: Maps -- Deep Mapping the River: a Palimpsest -- Un/Mapping Mindscapes in David Greig's Theater -- Can We Talk About Cartography Without Borders? -- Part 4: Places -- Beit System Ali Bat Yam: On Music, Urban Regeneration, and the (re-) Making of Place -- The Fragile Boundaries of Paradise: The Paradise Inn Resort at the Former Jerusalem Leprosarium -- Three Trees: Environmental Projects on Mount Scopus, Jerusalem (2003-2015) -- Part 5: Sounds -- Invisibilities -- Muted Spectacles: Wartime Sounds, Aerial Warfare, and the Limits of the Visual -- Vocal Borderlines: A Study of a Lamentation Recording from...Habima's Performance of The Eternal Jew -- Contributors.
|
| 588 |
|
|
|a Description based on publisher supplied metadata and other sources.
|
| 590 |
|
|
|a Electronic reproduction. Ann Arbor, Michigan : ProQuest Ebook Central, 2023. Available via World Wide Web. Access may be limited to ProQuest Ebook Central affiliated libraries.
|
| 655 |
|
4 |
|a Electronic books.
|
| 700 |
1 |
|
|a Seroussi, Edwin.
|
| 776 |
0 |
8 |
|i Print version:
|a Abeliovich, Ruthie
|t Borderlines: Essays on Mapping and the Logic of Place
|d Warschau/Berlin : Walter de Gruyter GmbH,c2019
|
| 797 |
2 |
|
|a ProQuest (Firm)
|
| 856 |
4 |
0 |
|u https://ebookcentral.proquest.com/lib/matrademy/detail.action?docID=7014869
|z Click to View
|